| 000 | 01061nmc a2200325 a 4500 | ||
|---|---|---|---|
| 003 | AR-BaBNM | ||
| 005 | 20251128211438.0 | ||
| 008 | 124020s[200 ||||||||||||||000 | spa|| | ||
| 040 | _cAR-BaBNM | ||
| 100 | 1 | _aBollero, Cecilia | |
| 245 | 1 | 0 |
_aInglés _bárea de comunicación : 1º ciclo _n1 |
| 260 |
_aBuenos Aires _bGendarmería Nacional _c[2000] |
||
| 300 |
_a125 p. _bgráfs., il. |
||
| 490 | 0 | _aBachiller a distancia para adultos | |
| 500 | _aLas autorías han sido tomados del dorso de portada | ||
| 521 | _aSECUNDARIO | ||
| 650 | 4 | _aEDUCACION DE ADULTOS | |
| 650 | 4 | _aINGLES | |
| 650 | 4 | _aLENGUA EXTRANJERA | |
| 653 | _aEDUCACION A DISTANCIA | ||
| 653 | _aEDUCACION SECUNDARIA | ||
| 653 | _aBACHILLER | ||
| 700 |
_aMuga, María Alejandra _ecoordinador |
||
| 700 | 1 |
_aEnriquez, Marina _ecoordinador |
|
| 710 | 1 |
_aUniversidad Nacional de Catamarca _bFacultad de Humanidades |
|
| 710 | 1 |
_aArgentina _bGendarmería _bCentro de Educación a Distancia |
|
| 710 | 1 | _aFundación Centinela [Buenos Aires] | |
| 942 | _cBK | ||
| 998 | _calexandra | ||
| 999 |
_c19733 _d19733 |
||